000 00533nam a22001937i 4500
001 3816
003 OSt
005 20170126082323.0
007 tu
008 161220s1998 xxu||||| |||| 00| 0 d
024 7 _a3815
_2RID
040 _cOSt
084 _a19.22
_a8.24
_2z
100 1 _aHaupt, Stefan
245 0 0 _aTesting Incentives for Illegal Employment: Implicit VS Trade Union Bargaining
260 _aHamburg :
_bHWWA-Institut für Wirtschaftsforschung,Hamburg,
_c1998.
300 _a34 S. ;
_c30cm.
490 _aHWWA-Diskussionspapier
_v51
942 _cB
999 _c3755
_d3755